LEADER 03640nam 2200685 a 450 001 9910458829503321 005 20200520144314.0 010 $a1-282-60153-9 010 $a9786612601538 010 $a90-474-2761-0 024 7 $a10.1163/ej.9789004174153.i-232 035 $a(CKB)2670000000013009 035 $a(EBL)489362 035 $a(OCoLC)593295857 035 $a(SSID)ssj0000335671 035 $a(PQKBManifestationID)11285716 035 $a(PQKBTitleCode)TC0000335671 035 $a(PQKBWorkID)10273668 035 $a(PQKB)10337699 035 $a(MiAaPQ)EBC489362 035 $a(OCoLC)318534326 035 $a(nllekb)BRILL9789047427612 035 $a(PPN)174398743 035 $a(Au-PeEL)EBL489362 035 $a(CaPaEBR)ebr10372613 035 $a(CaONFJC)MIL260153 035 $a(EXLCZ)992670000000013009 100 $a20090413d2009 uy 0 101 0 $aeng 135 $aurun####uuuua 181 $ctxt 182 $cc 183 $acr 200 14$aThe changing face of religion and human rights$b[electronic resource] $ea personal reflection /$fby Clemens N. Nathan 210 $aLeiden ;$aBoston $cM. Nijhoff Publishers$d2009 215 $a1 online resource (248 p.) 225 0 $aNijhoff eBook titles 2009 300 $aDescription based upon print version of record. 311 $a90-04-17415-X 320 $aIncludes bibliographical references and index. 327 $tPreliminary Materials /$rC. Nathan --$t1 Introduction /$rC. Nathan --$t2 Human Rights: Origins And Definitions /$rC. Nathan --$t3 The Scope Of Religion:Some Contemporary Views /$rC. Nathan --$t4 Delineating The Interplay Between Rights And Religion /$rC. Nathan --$t5 The Impact Of Religious Symbolism In Europe: Wearing The Hijab And Burqha /$rC. Nathan --$t6 The Decline Of Capital Punishment /$rC. Nathan --$t7 Religion For Rights: The Success Of Establishing Rights Through Religion /$rC. Nathan --$t8 Conclusion /$rC. Nathan --$t9 Appendices /$rC. Nathan --$tAn Autobiographical Sketch /$rC. Nathan --$tIndex /$rC. Nathan. 330 $aClemens N. Nathan has devoted a lifetime to the pursuit of Human Rights ? to understanding and reflecting upon the concept of Human Rights; to participating in, and sometimes helping to create, organisations and mechanisms for the protection and promotion of Human Rights; to helping those who have been denied their Human Rights and to encouraging and supporting research into and scholarship on Human Rights. All this has been achieved by a man who has had no formal training in the field, but who has become a recognised expert through his extensive reading, through working with leading exponents, and by drawing upon his lively intellect, his wealth of culture and his knowledge of history, philosophy and religions. This volume, published under the auspices of the Raoul Wallenberg Institute of Human Rights and Humanitarian Law, offers insight into the challenging relationship between religion and human rights. 606 $aHuman rights$xReligious aspects 606 $aFreedom of religion 606 $aReligion and law 606 $aReligion and state 608 $aElectronic books. 615 0$aHuman rights$xReligious aspects. 615 0$aFreedom of religion. 615 0$aReligion and law. 615 0$aReligion and state. 676 $a342.08/52 700 $aNathan$b Clemens N$g(Clemens Neumann),$f1933-$0856928 801 0$bMiAaPQ 801 1$bMiAaPQ 801 2$bMiAaPQ 906 $aBOOK 912 $a9910458829503321 996 $aThe changing face of religion and human rights$91987969 997 $aUNINA LEADER 01788nas 2200553- 450 001 9910573818503321 005 20240816213014.0 035 $a(OCoLC)812508297 035 $a(CKB)2550000000071092 035 $a(CONSER)--2023230659 035 $a(MiAaPQ)1466336 035 $a(EXLCZ)992550000000071092 100 $a20040913a20029999 --- b 101 0 $aspa 135 $aurcnu|||||||| 181 $ctxt$2rdacontent 182 $cc$2rdamedia 183 $acr$2rdacarrier 200 10$aElecciones 210 1$aLima [Peru] :$cCentro de Investigación Electoral de ONPE,$d2002- 210 31$aLima, Peru :$cOficina Nacional de Procesos Electorales (ONPE) 215 $a1 online resource (volumes) $cillustrations 300 $aRefereed/Peer-reviewed 311 08$a1994-5272 517 1 $aRevista elecciones 531 10$aElecciones 606 $aElections$zLatin America$vPeriodicals 606 $aElection law$vPeriodicals 606 $aÉlections$zAmérique latine$vPériodiques 606 $aElection law$2fast$3(OCoLC)fst00904300 606 $aElections$2fast$3(OCoLC)fst00904324 606 $aPolitics and government$2fast$3(OCoLC)fst01919741 607 $aLatin America$xPolitics and government$vPeriodicals 607 $aAmérique latine$xPolitique et gouvernement$vPériodiques 607 $aLatin America$2fast 608 $aPeriodicals.$2fast 608 $aPeriodicals.$2lcgft 615 0$aElections 615 0$aElection law 615 6$aÉlections 615 7$aElection law. 615 7$aElections. 615 7$aPolitics and government. 676 $a[E] 712 02$aPeru.$bOficina Nacional de Procesos Electorales, 906 $aJOURNAL 912 $a9910573818503321 996 $aElecciones$92328203 997 $aUNINA